L'Etat au pluriel : (Record no. 13652)

000 -LEADER
fixed length control field 00385nam a2200145 a 4500
020 ## - INTERNATIONAL STANDARD BOOK NUMBER
ISBN 2717809198 :
040 ## - CATALOGING SOURCE
Transcribing agency DLC
082 00 - DEWEY DECIMAL CLASSIFICATION NUMBER
Classification number 320 UNE 1985 A011 Or.
245 02 - TITLE STATEMENT
Title L'Etat au pluriel :
Remainder of title perspectives de sociologie historique /
260 ## - PUBLICATION, DISTRIBUTION, ETC. (IMPRINT)
Place of publication Paris :
Name of publisher Economica :
-- Unesco,
Year of publication 1985.
300 ## - PHYSICAL DESCRIPTION
Number of Pages 289 p. ;
Dimensions 24 cm.
650 #0 - SUBJECT ADDED ENTRY--TOPICAL TERM
Topical Term State, The.
700 1# - ADDED ENTRY--PERSONAL NAME
Personal name Kazancigil, Ali.
942 ## - ADDED ENTRY ELEMENTS (KOHA)
Koha item type សៀវភៅភាសាបារាំង
952 ## - LOCATION AND ITEM INFORMATION (KOHA)
Withdrawn status [LOCAL, KOHA] 0
Holdings
Permanent Location Date acquired Koha item type Lost status Shelving location Barcode Current Location Full call number
Library Block A2017-08-29សៀវភៅភាសាបារាំង A011A19915Library Block A320 UNE 1985 A011 Or.
មជ្ឈមណ្ឌលឯការនៃសាកលវិទ្យាល័យភូមិន្ទកសិកម្មចំការដូង

Powered by Koha